000 00414nam a2200157Ia 4500
003 IQ-KOUCL
041 _aKurdish
082 _a307,14 cut-736 ا
100 _a20260118u\\\\\\\\\\\y0engy0103\\\\ba
100 _aد.محمد التکریتى
245 0 _aئاسۆى بێسنوور
250 _aچ1
260 _bجابخابەى گەنج
_aسلیمانى - العراق
_c2008
300 _a349
942 _cBk
999 _c186799
_d186799